| 000 | 00812cam a22001934a 4500 | ||
|---|---|---|---|
| 005 | 20250605164040.0 | ||
| 008 | 250528s ||||||||||||||||||||||||d | ||
| 035 | _a16968 | ||
| 020 | _a192853120 | ||
| 040 |
_aGR-AtMCL _bgre _dGR-AtMCL _eAACR2 |
||
| 245 | 1 | _aThe Making of Victorian Sexuality | |
| 260 |
_bOxford University Press, _c1995 |
||
| 300 | _a342 | ||
| 520 | _aThe writer in this book shows how much of our perception of nineteenth-century sexual culture is simply wrong. Abbreviations, Locating Respectability, Sex in the Society, Codes and Classes, Carnal Knowledge, Quantifying Sexuality, Appendices, English Classes, Working-Class Housing, The Medical Standing of ''Spermatorhoea'', Bibliography, Index. | ||
| 700 | 1 |
_aMason Michael _93089 |
|
| 942 | _cBK | ||
| 999 |
_c2411 _d2411 |
||